000 00856nam a22002777a 4500
001 5490
003 FISKH
005 20241212112959.0
008 241212b cb ||||| |||| 00| 0 eng d
020 _a9780439897679
040 _aFISKH
_beng
_cFISKH
_dFISKH
050 _aGV1132.A44
082 _a796.83092
100 _aGarrett, Leslie
245 _aThe story of Muhammad Ali /
_cWritten by Leslie Garrett
260 _aNew York :
_bScholastic ;
_c2002.
300 _a48 pages :
_bcolor illustrations ;
_c24 cm .
505 _aZ
520 _aA brief biography of the legendary boxer who was the first to win the world heavyweight championship three times.
521 8 _a980
_bLexile
521 8 _aZ
_bRaz-Plus
650 _ablack history
_vnon-fiction
650 _aboxing
_vnon-fiction
942 _2ddc
_cBK
_n0
999 _c5490
_d5490